| 000 | 00808nas a2200265 4500 | ||
|---|---|---|---|
| 001 | BR2010002032 | ||
| 003 | BR-BrBNA | ||
| 005 | 20231205114155.0 | ||
| 007 | ta | ||
| 008 | 230509b bl.|||p| |||| 00| 00por d | ||
| 040 |
_aBR-BrBNA _bpor _cBiblioteca Nacional de Agricultura |
||
| 041 | _a(Pt) | ||
| 072 | _aD50; E70 | ||
| 100 | 1 | _aMoura, R.L. | |
| 245 | 1 | _aAvaliação da rotulagem de presuntos fatiados comercializados na cidade de Quixadá-CE | |
| 650 | _aPRESUNTO | ||
| 650 | _aCARNE TRATADA | ||
| 650 | _aLEGISLAÇÃO | ||
| 650 | _aROTULAGEM | ||
| 650 | _aCERTIFICAÇÃO DE PRODUTO | ||
| 650 | _aCEARÁ | ||
| 773 | 0 |
_tHigiene Alimentar (Brazil) _xISSN 0101-9171 _g(Jan-Feb 2010), v. 24(180-181) p. 182-184 _wBR2010002032 |
|
| 909 |
_a202311 _bLúcia _c55 _dLúcia Elande |
||
| 942 |
_2AGRIS _n0 _cANA |
||
| 999 |
_c207420 _d207420 |
||